| 000 | 00905nas a2200301 4500 | ||
|---|---|---|---|
| 001 | BR0101459 | ||
| 003 | BR-BrBNA | ||
| 005 | 20231205102143.0 | ||
| 007 | ta | ||
| 008 | 230509b bl.|||p| |||| 00| 00por d | ||
| 040 |
_aBR-BrBNA _bpor _cBiblioteca Nacional de Agricultura |
||
| 041 | _a(En) | ||
| 072 | _aL73 | ||
| 100 | 1 | _aSilva, R.A.M.S. | |
| 100 | 1 | _aRamirez, L. | |
| 100 | 1 | _aDavila, A.M.R. | |
| 100 | 1 | _aFerreira, M.J. da S. | |
| 100 | 1 | _aSahib, C.A. | |
| 245 | 1 | _aThe first record of outbreaks of bovine trypanosomosis by Trypanosoma vivax in Mato Grosso do Sul State, Brazil | |
| 650 | _aBovino | ||
| 650 | _aTrypanosoma Vivax | ||
| 650 | _aAnemia | ||
| 650 | _aDiagnostico | ||
| 650 | _aMato Grosso do Sul | ||
| 773 | 0 |
_tARS Veterinaria (Brazil) _xISSN 0102-6380 _g(Aug 1998), v. 14(2) p. 129-133 _wBR0101459 |
|
| 909 |
_a202311 _bLúcia _c55 _dLúcia Elande |
||
| 942 |
_2AGRIS _n0 _cANA |
||
| 999 |
_c166011 _d166011 |
||